header

Black, white, and green (Record no. 56853)

MARC details
000 -LEADER
fixed length control field 01723nam a2200409Ia 4500
100 1# - MAIN ENTRY--AUTHOR NAME
Personal name Alkon, Alison Hope.
245 10 - TITLE STATEMENT
Title Black, white, and green
260 ## - PUBLICATION, DISTRIBUTION, ETC. (IMPRINT)
Place of publication Athens :
Name of publisher University of Georgia Press,
Year of publication c2012.
300 ## - PHYSICAL DESCRIPTION
Number of Pages xii, 2063 p. :
Other physical details ill.
650 #0 - SUBJECT ADDED ENTRY--TOPICAL TERM
Topical Term Farmers' markets
Topical Term Sustainable agriculture
Topical Term Alternative agriculture
Topical Term African American farmers
Topical Term Food supply
Topical Term Community development
Topical Term Minorities
Topical Term Social justice
856 40 - ELECTRONIC LOCATION AND ACCESS
Uniform Resource Identifier http://site.ebrary.com/lib/rucke/Doc?id=10621791

No items available.

© 2026 Rongo University
Contact us: librarian | system librarian | Rongo university